1945 1046 1500 1652 1752 1078 1269 1517 1988 1327 1341 1545 1782 1196 1512 1537 1766 1270 1269 1138 1663 1389 1366 1866 1875 1393 1339 1374 1944 1202 1686 1913 1322 1717 1103 1613 1072 1700 1909 1793 1758 1999 1123 1217 1942 1523 1158 1079 1618 1071 1652 1489 1686 1164 1753 1377 1142 1608 1747 1334 1244 1316 1293 1883 1192 1633 1639 1569 1310 1920 1690 1574 1672 1099 1006 1107 1291 1654 1821 1496 1490 1858 1251 1454 1160 1624 1670 1683 1380 1761 1216 1638 1292 1092 1828 1125 1717 1447 1409 BCNSPRNW ULIB Ver.6.0+V

เปลี่ยนเป็นภาษาไทย

Change to English
 แสดงรายละเอียดบรรณานุกรม
  กลับหน้าหลัก

Brief Record : Get Marc (ISO 2709) : E-mail record : QR code < ปิดหน้าต่าง
LEADER : 00000nam 2200000uu 4500
001    13399108915
003     ULIB
008    110316s2544||||th 000 0 tha d
020    9742828946
060 04 W700^bพ253ก 2544
100 0  พรทิพย์ โรจนสุนันท์,^cคุณหญิง,^d2497-
245 10 การชันสูตรศพ /^cพรทิพย์ โรจนสุนันทน์
246 13 นิติเวชศาสตร์ :^bการชันสูตรศพ
250    พิมพ์ครั้งที่ 3
260    กรุงเทพฯ :^bภาควิชาพยาธิวิทยาคณะแพทยศาสตร์โรงพยาบาลรามาธิบดี มหาวิทยาลัยมหิดล,^c2544
300    282 หน้า :^bภาพประกอบ ;^c26 ซม.
500    ชื่อเรื่องที่ปกนอก: นิติเวชศาสตร์ : การชันสูตรศพ
650  2 Forensic Medicine
650  2 Autopsy
650  7 นิติเวชศาสตร์
650  7 การตรวจศพ
653    Open Your Eyes Project
710 2  มหาวิทยาลัยมหิดล. ^bคณะแพทยศาสตร์โรงพยาบาลรามาธิบดี.^bภาควิชาพยาธิวิทยา
945    ^p280^l0^i014744
945    ^p280^l0^i014743
945    ^p280^l0^i014140
945    ^p280^l0^i014139
945    ^p280^l0^i014138
995    ทศพร
999 ^a ใช้งานได้ทุกระบบ
รายการนี้ยังไม่มีแท็ก
คุณยังไม่ได้ล็อกอิน คุณสามารถมีกิจกรรมร่วมกับเว็บไซต์ได้ แต่ต้องล็อกอินก่อน ::
  ล็อกอิน

รายการสื่อสารสนเทศ

ลำดับที่ ประเภท เลขเรียก/บาร์โค้ด สถานที่ สถานะ
- ไม่พบข้อมูล -

รายการใกล้เคียง
    หัวเรื่อง [Forensic Medicine]
    หัวเรื่อง [Autopsy]
    หัวเรื่อง [นิติเวชศาสตร์]
    หัวเรื่อง [การตรวจศพ]

BibComment


ยังไม่เคยถูกคอมเมนท์

คอมเมนท์ทรัพยากรรายการนี้
  คอมเมนท์: การชันสูตรศพ พรท..


 Copyright 2026. Bcnsprnw @Library